000 01545cam a22001934a 4500
005 20250605164331.0
008 250528s ||||||||||||||||||||||||d
035 _a23251
020 _a9786185216139
040 _aGR-AtMCL
_bgre
_dGR-AtMCL
_eAACR2
245 1 _aΟμάδα και Ηγεσία στην Εργασία
260 _bOwnbook,
_c2016
300 _a232
520 _aΣτο παρόν βιβλίο επιχειρείται μια προσέγγιση βασιζόμενη στις προκλήσεις σε σχέση με το ζήτημα των ομάδων και μια κανονιστική προσέγγιση, η οποία επικεντρώνεται στον ''τρόπο'' διοίκησης μιας συλλογικότητας ή μιας ομάδας. Εισαγωγή, Δημιουργία και Διατήρηση Συνοχής στην Ομάδα, Επικοινωνία, Συγκρούσεις, Παρακίνηση, Συμπερίληψη στην Ομάδα, Διαφορετικότητα, Ομάδα και Προσωπικότητες, Κοινωνική Οκνηρία, Αξιοπιστία του Αρχηγού, Διαχείριση των Προβλημάτων κατά τη Μετάβαση σε Νέα Ηγεσία, Νέοι Ηγέτες, Αποτελεσματική Ηγεσία στην Ομάδα, Συμπεράσματα, Βιβλιογραφικές Αναφορές.
700 1 _aΜεντζελίδης Γιώργος
_98839
942 _cBK
999 _c8280
_d8280